Uttar Pradesh district gazetteers: Mathura (Record no. 487050)

000 -LEADER
fixed length control field 00348cam a22001097a 4500
008 - FIXED-LENGTH DATA ELEMENTS--GENERAL INFORMATION
fixed length control field 180718b1968 xxu||||| |||| 00| 0 eng d
082 ## - DEWEY DECIMAL CLASSIFICATION NUMBER
Classification number A75 Ut8MAT
245 ## - TITLE STATEMENT
Title Uttar Pradesh district gazetteers: Mathura
Statement of responsibility, etc. edited by Esha Basanti Joshi
260 ## - PUBLICATION, DISTRIBUTION, ETC.
Place of publication, distribution, etc. Lucknow
Name of publisher, distributor, etc. Department of District Gazetteers
Date of publication, distribution, etc. 1968
300 ## - PHYSICAL DESCRIPTION
Extent 436+p
700 ## - ADDED ENTRY--PERSONAL NAME
Personal name Joshi, Esha Basanti
Holdings
Withdrawn status Lost status Damaged status Not for loan Permanent Location Current Location Date acquired Full call number Barcode Date last seen Price effective from Koha item type
        Indian Institute of Public Administration Indian Institute of Public Administration 2018-08-04 A75 Ut8MAT GG12355 2018-08-04 2018-08-04 GG

Powered by Koha